Schnelle Mathematik - Multiplikation zur Basis 5 Level 02 - Statistiken

Allgemein
  • Dieses Quiz wurde 68 mal gespielt
  • Das Durchschnittsergebnis liegt bei 15 aus 20
Antwortstatistiken
Frage Antwort % Korrekt
2⋅0 0
100%
3⋅1 3
100%
1⋅0 0
89%
3⋅0 0
88%
1⋅1 1
88%
1⋅3 3
88%
4⋅1 4
88%
0⋅0 0
87%
2⋅2 4
87%
0⋅3 0
86%
1⋅2 2
83%
2⋅1 2
83%
0⋅4 0
82%
1⋅4 4
78%
0⋅2 0
77%
4⋅0 0
76%
0⋅1 0
74%
2⋅4 13
60%
2⋅3 11
57%
3⋅3 14
56%
3⋅4 22
56%
4⋅4 31
56%
4⋅2 13
53%
4⋅3 22
50%
3⋅2 11
43%
Keine übereinstimmenden Quizze gefunden
Verteilung der Resultate
Anzahl Personen mit jedem Resultat
Perzentil nach korrekt beantworteten Fragen
Ihre Resultats-Entwicklung
Sie haben dieses Quiz noch nicht gespielt